00574nam a2200157 a 4500008004100000050002500041110003200066245011100098260003700209300000900246350000900255500004500264650001300309650004700322710004700369090618s1978 ||||||||||||||||| || u aGOV.ZAM(058)NAZ/1978 aNational Archives of Zambia14aThe National Archives of Zambia annual report (1978, 1980, 1981, 1982)cBy The National Archives of Zambia aLusakabGovernment Printerc1978 a32p. a0.00 aLIBRARY HOLDINGS: 1978, 1980, 1981, 1982 aARCHIVES aNATIONAL ARCHIVES OF ZAMBIA--ANNUAL REPORT aGovernment of the Republic of Zambia (GRZ)